=LDR 00000nam 2200000 4500 =001 INLIS000000000022813 =005 20130612121530 =008 ***********************************Ind** =035 ##$$0010-061300000022813 =041 ##$$a Ind =082 ##$$a 323.3 =090 ##$$a 323.3, Sja t =100 ##$$a Sjahrir =245 ##$$a TRansisi meniju indonesia baru , Sjahrir =260 ##$$a 2004 $b Jakarta =300 ##$$a X, 369 hlm, ilus, 23 cm =650 ##$$a Politik ekonomi =850 ##$$a NBPNMAT